000 00803nab a2200241u 4500
001 23102
003 HDC
007 c| |||a|c|aaaa
008 210315b20170224my ||||| |||| 00| 0 may d
040 _aHDC
100 _aMd Azrin Rosly /
_eauthor
_98095
245 0 _aProduk Brahim's di 40 pasar raya seluruh Sarawak /
_cMd Azrin Rosly
336 _atext
_2rdacontent
337 _acomputer
_2rdamedia
338 _aonline resource
_2rdacarrier
650 _aBrahim's products
_919849
650 _aMonosodium glutamate (MSG)
_99344
710 _aUTUSAN MALAYSIA
856 _zRequest full-text at [email protected]
942 _2lcc
942 _cNEWS
942 _kNWSC 005081
999 _c20418
_d20418